000 00306nam a2200133 i 4500
001 bg
100 1 _aWASILEW, D. M.
245 0 _aFiziceskaja kristallografija /
_cD.M. Wasilew.
260 _aMoskwa,
_c1972.
040 _cBPK
041 _apol
942 _cKS
008 s pl f |000 0 pol
999 _c14985
_d14985
856 _uhttp://koha.tu.koszalin.pl/cgi-bin/koha/opac-detail.pl?biblionumber=14985
_yKatalog online BPK